| 000 | 00371nam a22001457a 4500 | ||
|---|---|---|---|
| 005 | 20180116122801.0 | ||
| 008 | 180116b xxu||||| |||| 00| 0 eng d | ||
| 040 | _cPK-LaUMT | ||
| 082 |
_aPKAC 297 _bSAE-I |
||
| 100 | _aSaeed Akhtar Rizvi | ||
| 245 |
_aIslam / _cSaeed Akhtar Rizvi |
||
| 260 |
_aTehran: _bA group of Muslim brothers, _c[ ] |
||
| 300 | _a58 | ||
| 942 | _cBK | ||
| 999 |
_c101734 _d101734 |
||